Quick Pick: Which Wayne? Quiz Stats

 Plays Quiz Updated Jul 11, 2017

Challenge
Share
Tweet
Embed
Score 0/10 Timer 01:00
5 Plays Today
% Correct
Bruce Wayne
95.2%
Lil Wayne
94%
Wayne Gretzky
90.6%
John Wayne
90.5%
Wayne Newton
79.1%
Wayne Brady
75.4%
Wayne Arnold
72.8%
Wayne Rooney
71.7%
Wayne Campbell
62.7%
Wayne Knight
59.3%

Today's Daily Dose

You're not logged in!

Compare scores with friends on all Sporcle quizzes.
Join for Free
OR
Log In

You Might Also Like...

Show Comments

Extras

Top Quizzes Today


Score Distribution

Your Account Isn't Verified!

In order to create a playlist on Sporcle, you need to verify the email address you used during registration. Go to your Sporcle Settings to finish the process.

Report this User

Report this user for behavior that violates our Community Guidelines.

Details: